[Event "Stork YM"]
[Site "Hengelo NED"]
[Date "2005.08.09"]
[Round "4"]
[White "Smeets,J"]
[Black "Baramidze,D"]
[Result "0-1"]
[WhiteElo "2537"]
[BlackElo "2535"]

1.e4 c5 2.Nf3 d6 3.d4 cxd4 4.Nxd4 Nf6 5.Nc3 a6 6.Be3 e5 7.Nb3 Be6 8.f3 Be7
9.Qd2 Nbd7 10.g4 h6 11.O-O-O Qc7 12.h4 b5 13.Kb1 Nb6 14.Qf2 Rb8 15.Bh3 b4
16.Ne2 Nc4 17.g5 Nxe3 18.Qxe3 hxg5 19.Bxe6 fxe6 20.hxg5 Rxh1 21.Rxh1 Nd7
22.f4 Rc8 23.Rc1 g6 24.f5 exf5 25.exf5 gxf5 26.Qh3 Qc4 27.g6 Bf6 28.Qxf5 Qxe2
29.Qe6+ Kd8 30.Qxd6 Rc7 31.Qxb4 Qg2 32.Na5 Be7 33.Qb3 Qxg6 34.Rh1 Qe4 35.Rh8+ Bf8
36.Rxf8+ Nxf8  0-1

[Event "HZ Open"]
[Site "Vlissingen NED"]
[Date "2005.08.09"]
[Round "4"]
[White "Lacasa Diaz,J"]
[Black "Doggers,P"]
[Result "1-0"]
[WhiteElo "2420"]
[BlackElo "2249"]

1.e4 c5 2.Nf3 d6 3.d4 cxd4 4.Nxd4 Nf6 5.Nc3 a6 6.Be3 e6 7.f3 Be7 8.Qd2 Nc6
9.O-O-O O-O 10.g4 Nxd4 11.Qxd4 b5 12.h4 Nd7 13.h5 h6 14.Kb1 Bb7 15.g5 hxg5
16.h6 Bf6 17.Qxd6 Ne5 18.Qc5 Qe7 19.hxg7 Qxc5 20.Bxc5 Rfc8 21.Bd4 Kxg7 22.Be2 Ng6
23.Rh7+ Kxh7 24.Bxf6 Nf4 25.Bxg5 Nxe2 26.Nxe2 Kg6 27.Be3 e5 28.Ng3 Rd8 29.Rg1 Kf6
30.Nh5+ Ke6 31.Ng7+ Kd7 32.Bg5 f6 33.Bxf6 Rf8 34.Rd1+ Kc6 35.Bxe5 Rad8 36.Rxd8 Rxd8
37.Kc1 Bc8 38.a3 Bh3 39.Bf6 Rf8 40.e5 Bg2 41.e6  1-0

[Event "HZ Open"]
[Site "Vlissingen NED"]
[Date "2005.08.09"]
[Round "4"]
[White "Landa,K"]
[Black "Henrichs,T"]
[Result "1/2-1/2"]
[WhiteElo "2609"]
[BlackElo "2413"]

1.e4 c5 2.Nf3 d6 3.d4 cxd4 4.Nxd4 Nf6 5.Nc3 a6 6.Be3 e6 7.f3 b5 8.Qd2 Nbd7
9.g4 Bb7 10.g5 Nh5 11.O-O-O Rc8 12.Kb1 g6 13.Bd3 Bg7 14.Nce2 d5 15.Ng3 Nxg3
16.hxg3 dxe4 17.Bxe4 Bxe4 18.fxe4 Ne5 19.Qe2 Qe7 20.Nf3 Nxf3 21.Qxf3 Qb4
22.Bc1 O-O 23.Rd7 Qc4  1/2-1/2

[Event "Stork YM"]
[Site "Hengelo NED"]
[Date "2005.08.10"]
[Round "5"]
[White "Baramidze,D"]
[Black "Lupulescu,C"]
[Result "1-0"]
[WhiteElo "2535"]
[BlackElo "2542"]

1.e4 c5 2.Nf3 d6 3.d4 cxd4 4.Nxd4 Nf6 5.Nc3 a6 6.Be3 e5 7.Nb3 Be6 8.f3 Be7
9.Qd2 O-O 10.O-O-O Nbd7 11.g4 b5 12.g5 b4 13.Ne2 Ne8 14.f4 exf4 15.Nxf4 Bxb3
16.cxb3 Bxg5 17.Qxb4 a5 18.Qd2 Nef6 19.Qg2 Bh6 20.Kb1 Ne5 21.Rg1 Nfg4 22.Nd5 Nxe3
23.Nxe3 Ng6 24.Nf5 Bf4 25.Bc4 Be5 26.Qg4 Qb6 27.Qf3 a4 28.Rxg6  1-0

[Event "Stork YM"]
[Site "Hengelo NED"]
[Date "2005.08.11"]
[Round "6"]
[White "Michielsen,J"]
[Black "Motoc,A"]
[Result "1/2-1/2"]
[WhiteElo "2320"]
[BlackElo "2270"]

1.e4 c5 2.Nf3 d6 3.d4 cxd4 4.Nxd4 Nf6 5.Nc3 a6 6.Be3 e5 7.Nb3 Be6 8.f3 Nbd7
9.g4 h6 10.Qd2 Be7 11.O-O-O b5 12.h4 Nb6 13.Qf2 Nfd7 14.Kb1 Nc4 15.Bxc4 bxc4
16.Nc1 Rb8 17.N1e2 Qa5 18.g5 Qb4 19.Bc1 hxg5 20.hxg5 Rxh1 21.Rxh1 Bxg5 22.Rh8+ Nf8
23.f4 exf4 24.Nxf4 Bxf4 25.Qxf4 Kd7 26.Nd5 Qb5 27.Qg5 Ng6 28.a4 Qb7 29.Rh7 c3
30.Nxc3 Qb4 31.Qe3 Ne5 32.Nd5 Qb7 33.Qd4 Bxd5 34.exd5 Qb4 35.Qa7+ Qb7 36.Qxb7+ Rxb7
37.Rxg7 Rb4 38.b3 Rd4 39.c4 Rd3 40.Kc2 Rf3 41.a5 Rf2+ 42.Kb1 Rf1 43.Kc2 Rf2+
44.Kd1 Ke7 45.Bg5+  1/2-1/2

[Event "Stork YM"]
[Site "Hengelo NED"]
[Date "2005.08.11"]
[Round "6"]
[White "Baramidze,D"]
[Black "Belov,Vl"]
[Result "1/2-1/2"]
[WhiteElo "2535"]
[BlackElo "2596"]

1.e4 c5 2.Nf3 d6 3.d4 cxd4 4.Nxd4 Nf6 5.Nc3 a6 6.Be3 e5 7.Nb3 Be6 8.f3 Nbd7
9.g4 Nb6 10.g5 Nh5 11.Qd2 Be7 12.O-O-O O-O 13.Rg1 Rc8 14.Kb1 g6 15.Na5 Qc7
16.Qf2 Bd8 17.Qd2 Be7 18.Qf2 Bd8 19.Qd2 Be7  1/2-1/2

[Event "Stork YM"]
[Site "Hengelo NED"]
[Date "2005.08.11"]
[Round "6"]
[White "Spoelman,W"]
[Black "Zhigalko,A"]
[Result "0-1"]
[WhiteElo "2365"]
[BlackElo "2526"]

1.e4 c5 2.Nf3 d6 3.d4 cxd4 4.Nxd4 Nf6 5.Nc3 a6 6.Be3 e5 7.Nb3 Be6 8.f3 h5
9.Qd2 Nbd7 10.O-O-O Rc8 11.Nd5 Bxd5 12.exd5 g6 13.Kb1 Nb6 14.c4 Nxc4 15.Bxc4 Rxc4
16.Na5 Ra4 17.Nxb7 Qc7 18.Bg5 Nh7 19.Rc1 Qxb7 20.Qc2 Ra5 21.Bd2 Rxd5 22.Qa4+ Rb5
23.Ba5 Bg7 24.Rc7 Qb8 25.Rhc1 O-O  0-1

[Event "Stork YM"]
[Site "Hengelo NED"]
[Date "2005.08.12"]
[Round "8"]
[White "Zhigalko,A"]
[Black "Baramidze,D"]
[Result "1-0"]
[WhiteElo "2526"]
[BlackElo "2535"]

1.e4 c5 2.Nf3 d6 3.d4 cxd4 4.Nxd4 Nf6 5.Nc3 a6 6.Be3 e5 7.Nb3 Be6 8.f3 Be7
9.Qd2 Nbd7 10.g4 Nb6 11.O-O-O O-O 12.Kb1 Qc7 13.h4 d5 14.Bxb6 Qxb6 15.g5 Nh5
16.exd5 Rfd8 17.Bd3 Bd7 18.Rhe1 Qc7 19.Ne4 Bf5 20.Nf6+ Bxf6 21.Bxf5 Be7 22.Qe3 Bd6
23.Nd2 Nf4 24.Qb3 g6 25.Bd3 b5 26.Ne4 Be7 27.Bf1 Rac8 28.c3 h5 29.Rd2 Kg7
30.Red1 Bd6 31.a4 Rb8 32.axb5 Qa5 33.Qa2 Qxa2+ 34.Kxa2 axb5 35.b4 Kf8 36.Kb3 Ke7
37.Ra1 Rb6 38.Ra5 Rdb8 39.Nc5 Ke8 40.Ra7 Rd8 41.Ne4 Kf8 42.Nf6 Kg7 43.Ra5 Be7
44.Rxb5 Rxb5 45.Bxb5 Bxf6 46.gxf6+ Kxf6 47.d6 Ne6 48.Bc6 Ng7 49.b5 Nf5 50.d7 Nxh4
51.b6 Nf5 52.b7 Ke7 53.Rd5 f6 54.Kb4 h4 55.Kc5 h3 56.Rd2  1-0

[Event "Stork YM"]
[Site "Hengelo NED"]
[Date "2005.08.12"]
[Round "8"]
[White "Bitalzadeh,A"]
[Black "Motoc,A"]
[Result "0-1"]
[WhiteElo "2317"]
[BlackElo "2270"]

1.e4 c5 2.Nf3 d6 3.d4 cxd4 4.Nxd4 Nf6 5.Nc3 a6 6.Be3 e5 7.Nb3 Be6 8.f3 h5
9.Nd5 Bxd5 10.exd5 Nbd7 11.Qd2 Qc7 12.c4 a5 13.a4 b6 14.f4 Ng4 15.Be2 Nxe3
16.Qxe3 g6 17.fxe5 Nxe5 18.c5 bxc5 19.Bb5+ Kd8 20.Qe2 Bh6 21.O-O f5 22.Nd2 Bxd2
23.Qxd2 Qe7 24.Ra3 Kc7 25.Rc1 Rhf8 26.b4 axb4 27.Qxb4 f4 28.a5 f3 29.a6 f2+
30.Kf1 Ng4 31.Rf3 Nxh2+ 32.Kxf2 Nxf3 33.gxf3 Rxf3+ 34.Kxf3 Rf8+ 35.Qf4 Rxf4+
36.Kxf4 Qf6+  0-1

[Event "Stork YM"]
[Site "Hengelo NED"]
[Date "2005.08.13"]
[Round "9"]
[White "Smeets,J"]
[Black "Motoc,A"]
[Result "1-0"]
[WhiteElo "2537"]
[BlackElo "2270"]

1.e4 c5 2.Nf3 d6 3.d4 Nf6 4.Nc3 cxd4 5.Nxd4 a6 6.Be3 e5 7.Nb3 Be6 8.f3 Be7
9.Qd2 O-O 10.O-O-O a5 11.Bb5 Na6 12.Kb1 Nc7 13.Bb6 Qb8 14.Ba4 Ra6 15.Qf2 Na8
16.Be3 Nc7 17.Qe2 Rc8 18.Bg5 Rd8 19.Rhe1 Ra8 20.Rd2 h6 21.Bh4 d5 22.exd5 Nfxd5
23.Bxe7 Nxc3+ 24.bxc3 Rxd2 25.Nxd2 Nd5 26.Kb2 Nxe7 27.Qxe5 Qd8 28.Ne4 Ra6
29.Nc5 Rb6+ 30.Bb3 Nd5 31.Rd1 Qc8 32.Na4 Rb5 33.c4 Qxc4 34.Rxd5 Qxd5 35.Qxd5 Bxd5
36.Nc3 Bc6 37.Nxb5 Bxb5 38.Kc3 Kf8 39.Kd4 b6 40.c4 Bc6 41.c5 b5 42.Bd5 Bxd5
43.Kxd5 Ke7 44.Kc6 b4 45.Kb5  1-0

[Event "Independence Cup A"]
[Site "Kiev UKR"]
[Date "2005.08.13"]
[Round "2"]
[White "Kernazhitsky,L"]
[Black "Brozhik,V"]
[Result "1-0"]
[WhiteElo "2358"]
[BlackElo "2149"]

1.e4 c5 2.Nf3 d6 3.d4 cxd4 4.Nxd4 Nf6 5.Nc3 a6 6.Be3 Qc7 7.Qd2 e6 8.f3 b5
9.g4 Nc6 10.O-O-O b4 11.Nxc6 Qxc6 12.Ne2 Qa4 13.Kb1 Be7 14.h4 Bd7 15.g5 Nh5
16.Bh3 Bb5 17.Nd4 g6 18.Bg4 e5 19.Bxh5 gxh5 20.Nf5 Rd8 21.Ng7+ Kf8 22.Nxh5 Bd7
23.Nf6 Bxf6 24.gxf6 Be6 25.b3 Qb5 26.Qg2 Ke8 27.f4 exf4 28.Bxf4 d5 29.Qg7 Kd7
30.exd5 Bxd5 31.Qxf7+  1-0

[Event "ch-SCG jr"]
[Site "Vrnjacka Banja SCG"]
[Date "2005.08.13"]
[Round "3"]
[White "Krivokapic,M"]
[Black "Ravic,N"]
[Result "1-0"]
[WhiteElo "2338"]
[BlackElo "2101"]

1.e4 c5 2.Nf3 d6 3.d4 cxd4 4.Nxd4 Nf6 5.Nc3 a6 6.Be3 e6 7.Be2 b5 8.Bf3 e5
9.Nf5 g6 10.Nh6 Be6 11.Qd2 Nbd7 12.O-O Nb6 13.b3 Rc8 14.Bg5 Be7 15.Be3 Qc7
16.Ne2 d5 17.Bxb6 Qxb6 18.exd5 Rd8 19.Nc3 b4 20.Qe1 bxc3 21.dxe6 Qxe6 22.Qxc3 Kf8
23.Rfe1 Bd6 24.h3 Rc8 25.Qd2 Kg7 26.Ng4 Nxg4 27.hxg4 Qe7 28.c3 Rhd8 29.Qe3 f6
30.Rad1 Qc7 31.Rc1 Bc5 32.Qe2 Ba3 33.Rc2 a5 34.g5 Be7 35.gxf6+ Bxf6 36.Qe4 Rd6
37.a3 Rcd8 38.b4 Rd3 39.Re3 R3d6 40.g3 Rc8 41.Rd3 Rcd8 42.Rxd6 Qxd6 43.Kg2 Bg5
44.bxa5 Bf6 45.a4 Rc8 46.Qb7+ Rc7 47.Qb6 Qd7 48.a6 Be7 49.Rd2  1-0

[Event "79th Anniv CAP"]
[Site "Posadas ARG"]
[Date "2005.08.14"]
[Round "6"]
[White "Jimenez,Joa"]
[Black "Ojeda,Ja"]
[Result "1/2-1/2"]
[WhiteElo "2211"]
[BlackElo "2200"]

1.e4 c5 2.Nf3 d6 3.d4 cxd4 4.Nxd4 Nf6 5.Nc3 a6 6.Be3 e5 7.Nb3 Be7 8.f3 Be6
9.g4 Nbd7 10.Qd2 b5 11.g5 Nh5 12.Rg1 Nb6 13.Nd5 Nxd5 14.exd5 Bd7 15.c4 bxc4
16.Bxc4 a5 17.Qf2 a4 18.Nd2 f5 19.gxf6 Bxf6 20.Bb6 Qe7 21.O-O-O Nf4 22.Qe3 Bf5
23.Ne4 Rc8 24.b3 axb3 25.axb3 O-O 26.Kb2 Rb8 27.Ra1 Bxe4 28.fxe4 Qb7 29.Ba7 Ra8
30.Ra4 Qd7 31.Rga1 Bh4 32.Bb6 Rxa4 33.Rxa4 Qg4 34.Qg1 Qf3 35.Ra7 g5 36.Rd7 Nh3
37.Qe3 Qg2+ 38.Qe2 Qxe2+ 39.Bxe2 Bf2 40.Bg4 Bxb6 41.Bxh3 Rf2+ 42.Kb1 Bc5
43.Be6+ Kh8 44.h3 h5 45.Bf5 Kg8 46.Be6+ Kh8 47.Rd8+ Kh7 48.Bf5+ Kg7 49.Rd7+ Kg8  1/2-1/2

[Event "FSIMA August"]
[Site "Budapest HUN"]
[Date "2005.08.15"]
[Round "10"]
[White "Szeberenyi,A"]
[Black "Petran,Pa"]
[Result "1/2-1/2"]
[WhiteElo "2396"]
[BlackElo "2416"]

1.e4 c5 2.Nf3 d6 3.d4 cxd4 4.Nxd4 Nf6 5.Nc3 a6 6.Be3 e5 7.Nb3 Nbd7 8.Qd2 b5
9.a4 b4 10.Nd5 Nxd5 11.exd5 Nb6 12.Bxb6 Qxb6 13.a5 Qc7 14.Ra4 Rb8 15.Qd3 Ra8
16.Qd2 Rb8 17.Qd3  1/2-1/2

[Event "15th ch-SLO"]
[Site "Ptuj SLO"]
[Date "2005.08.15"]
[Round "5"]
[White "Buzeti,J"]
[Black "Mitrovic,B"]
[Result "1-0"]
[WhiteElo "1948"]
[BlackElo "2077"]

1.e4 c5 2.Nf3 d6 3.d4 cxd4 4.Nxd4 Nf6 5.Nc3 a6 6.Be3 e5 7.Nb3 Be6 8.f3 h5
9.Qd2 Nbd7 10.Nd5 Bxd5 11.exd5 Nb6 12.c4 Rc8 13.Rc1 Be7 14.Bd3 g6 15.O-O Nfd7
16.Na5 Qc7 17.f4 f5 18.fxe5 dxe5 19.b4 e4 20.Be2 Nf6 21.Qd4 Bd8 22.d6 Qd7
23.Bg5 O-O 24.Bxf6 Rxf6 25.c5 Na8 26.Qd5+ Kf8 27.Qxb7 Qxb7 28.Nxb7 f4 29.Bxa6 g5
30.Na5 Bxa5 31.Bxc8 Bxb4 32.Bb7  1-0

[Event "ch-SCG jr"]
[Site "Vrnjacka Banja SCG"]
[Date "2005.08.15"]
[Round "5"]
[White "Sarenac,I"]
[Black "Krivokapic,M"]
[Result "0-1"]
[WhiteElo "2070"]
[BlackElo "2338"]

1.e4 c5 2.Nf3 d6 3.d4 cxd4 4.Nxd4 Nf6 5.Nc3 a6 6.Be3 e5 7.Nb3 Be6 8.f3 Nbd7
9.Qd2 Be7 10.O-O-O O-O 11.g4 b5 12.g5 Nh5 13.Kb1 Nb6 14.Qf2 Nc4 15.Bxc4 bxc4
16.Nc5 Qc8 17.N5a4 Rb8 18.h4 Qb7 19.Ka1 f5 20.gxf6 Nxf6 21.Rhg1 Rf7 22.Qg3 Qc6
23.Rb1 Rb4 24.b3 Nh5 25.Qf2 cxb3 26.cxb3 d5 27.Bc5 Rb7 28.Bxe7 Rbxe7 29.Nxd5 Bxd5
30.Rbc1 Qf6 31.exd5 e4+ 32.Kb1 e3 33.Rc8+ Rf8 34.Rxf8+ Qxf8 35.Qc2 e2 36.Re1 Nf4
37.d6 Rd7 38.Nc3 Rxd6 39.Ne4 Rd7 40.Ng5 g6 41.Qc4+ Kh8 42.Qc3+ Kg8 43.Qc4+ Kh8
44.Qc3+ Rg7 45.Kb2 h6 46.Ne4 Qd8 47.Kc2 Kg8 48.Nf6+ Kh8 49.Ne4 Qxh4 50.Nf6 Rf7
51.Ng4+ Kh7 52.Qc4 Qe7 53.Ne5 Rf5 54.Nd3 Ng2 55.Kd2 Nxe1 56.Nxe1 Re5 57.Qd4 h5
58.b4 Re6 59.Qc4 Rd6+  0-1

[Event "14th Open"]
[Site "Kavala GRE"]
[Date "2005.08.16"]
[Round "6"]
[White "Kozhuharov,S"]
[Black "Himaras,S"]
[Result "1-0"]
[WhiteElo "2391"]
[BlackElo "2155"]

1.e4 c5 2.Nf3 d6 3.d4 cxd4 4.Nxd4 Nf6 5.Nc3 a6 6.Be3 e6 7.f3 Nc6 8.Qd2 Rb8
9.g4 Be7 10.O-O-O O-O 11.g5 Nd7 12.h4 Re8 13.Kb1 Qc7 14.h5 b5 15.g6 Nf6 16.Nxc6 Qxc6
17.Ne2 b4 18.Nd4 Qc7 19.Bd3 Bf8 20.Bg5 Nd7 21.gxf7+ Kxf7 22.e5 Kg8 23.Bg6 dxe5
24.Nc6 Qxc6 25.Bxe8  1-0

[Event "ch-SCG jr"]
[Site "Vrnjacka Banja SCG"]
[Date "2005.08.17"]
[Round "7"]
[White "Mijovic,S"]
[Black "Krivokapic,M"]
[Result "0-1"]
[WhiteElo "2135"]
[BlackElo "2338"]

1.e4 c5 2.Nf3 d6 3.d4 cxd4 4.Nxd4 Nf6 5.Nc3 a6 6.Be3 e5 7.Nb3 Be6 8.f3 Be7
9.g4 d5 10.g5 d4 11.gxf6 Bxf6 12.Bf2 dxc3 13.Qxd8+ Bxd8 14.bxc3 Nd7 15.O-O-O Rc8
16.Kb2 f6 17.Rg1 Kf7 18.Be2 Be7 19.f4 exf4 20.Nd4 Nc5 21.Nxe6 Nxe6 22.Bg4 Rhd8
23.Rd5 Rc6 24.Rgd1 Rdc8 25.R1d3 R8c7 26.Rf3 Ng5 27.Rxf4 Rxc3 28.Bd1 Ba3+
29.Kb1 Nh3 30.Bg3 Nxf4 31.Bxf4 Re7 32.Rd3 Rxd3 33.cxd3 Rd7 34.Bb3+ Ke7 35.Kc2 Bd6  0-1

[Event "ch-SCG jr"]
[Site "Vrnjacka Banja SCG"]
[Date "2005.08.17"]
[Round "7"]
[White "Sarenac,I"]
[Black "Ravic,N"]
[Result "1/2-1/2"]
[WhiteElo "2070"]
[BlackElo "2101"]

1.e4 c5 2.Nf3 d6 3.d4 cxd4 4.Nxd4 Nf6 5.Nc3 a6 6.Be3 e6 7.Be2 Qc7 8.f4 b5
9.a3 Bb7 10.Bf3 Nbd7 11.Nde2 Be7 12.g4 Nb6 13.b3 d5 14.e5 d4 15.Bxb7 Qxb7
16.O-O dxe3 17.exf6 Bxf6 18.g5 Be7 19.Qd4 O-O 20.Qxe3 Rac8 21.Qf3 Qxf3 22.Rxf3 Rc7
23.Rd3 Rfc8 24.h4 Kf8 25.Kf1 h6 26.a4 b4 27.a5 Nd7 28.Ne4 Nc5 29.Nxc5 Rxc5
30.Nd4 hxg5 31.hxg5 g6 32.Ra4 e5 33.fxe5 Rxe5 34.Rg3 Re4 35.Rd3 Ke8 36.Rd2 Bxg5
37.Re2 Rxe2 38.Kxe2 Be7 39.Kd3 f5 40.Ne6 Kf7 41.Nf4 Rc3+ 42.Kd4 Rxc2 43.Nd5 Rd2+
44.Kc4 Re2 45.Kd3 Re5 46.Nc7 Bd8 47.Nxa6 Rxa5 48.Nxb4 Rxa4 49.bxa4 Ke6 50.Nc6 Bc7
51.Ke3 Kd6 52.Nb4 Kc5 53.Na6+ Kb6 54.Nb4 Bd6 55.Nd3 Ka5 56.Kd4 g5 57.Kd5 Bc7
58.Ke6 f4 59.Kf5  1/2-1/2

[Event "Ada Open"]
[Site "Belgrade SCG"]
[Date "2005.08.19"]
[Round "5"]
[White "Andrejevic,Milo"]
[Black "Martic,N"]
[Result "1/2-1/2"]
[WhiteElo "2289"]
[BlackElo "2190"]

1.e4 c5 2.Nf3 d6 3.d4 cxd4 4.Nxd4 Nf6 5.Nc3 a6 6.Be3 e5 7.Nb3 Be6 8.f3 Nbd7
9.Qd2 b5 10.g4 Nb6 11.g5 Nfd7 12.Nd5 Nxd5 13.exd5 Bf5 14.Bd3 Bxd3 15.Qxd3 Qc7
16.O-O-O Rc8 17.Kb1 Be7 18.Nd2 Nc5 19.Bxc5 Qxc5 20.Ne4 Qc4 21.Rhg1 Qxd3 22.Rxd3 Kd7
23.a4 bxa4 24.Ra3 Rc4 25.Nc3 Rb8 26.Nxa4 Rh4 27.Nc3 Rb6 28.Rg2 g6 29.Ne4 h6
30.gxh6 Rxh6 31.c4 f5 32.Nd2 Bf6 33.c5 dxc5 34.Nc4 Rb4 35.b3 g5 36.Rxa6 Rxb3+
37.Ka2 Rxf3 38.Rxf6 Rxf6 39.Nxe5+ Kd6 40.Nxf3 g4 41.Nd2 Kxd5 42.Kb2 Rh6 43.Nf1 Rh3
44.Rf2 Ke5 45.Kc2 f4 46.Re2+ Kf5 47.Kd2 g3 48.hxg3  1/2-1/2

[Event "2nd Dato' Arthur Tan Malaysian Open"]
[Site "Kuala Lumpur MAS"]
[Date "2005.08.20"]
[Round "1"]
[White "Adianto,U"]
[Black "Ahmad,Ma"]
[Result "1-0"]
[WhiteElo "2588"]
[BlackElo "2244"]

1.e4 c5 2.Nf3 d6 3.d4 cxd4 4.Nxd4 Nf6 5.Nc3 a6 6.Be3 e5 7.Nb3 Be6 8.Qd2 Be7
9.f3 b5 10.O-O-O Nbd7 11.Kb1 Nb6 12.Qf2 Na4 13.Nxa4 bxa4 14.Nc5 Qc8 15.Nxa4 Nd7
16.Nc3 O-O 17.Nd5 Bd8 18.Rd3 a5 19.Rc3 Qb7 20.Rb3 Qc8 21.Bb5 a4 22.Rc3 Qb8
23.Bc4 Ra5 24.Rd1 Nc5 25.Bxc5 dxc5 26.Ne3 a3 27.b3 Qb4 28.Rd2 Qb6  1-0

[Event "2nd Dato' Arthur Tan Malaysian Open"]
[Site "Kuala Lumpur MAS"]
[Date "2005.08.20"]
[Round "2"]
[White "Mok Tze Meng"]
[Black "Myo Naing"]
[Result "1-0"]
[WhiteElo "2351"]
[BlackElo "2516"]

1.e4 c5 2.Nf3 d6 3.d4 cxd4 4.Nxd4 Nf6 5.Nc3 a6 6.Be3 e6 7.f3 b5 8.Qd2 Bb7
9.O-O-O Nbd7 10.g4 h6 11.Bd3 b4 12.Na4 Qa5 13.b3 Nc5 14.a3 Rc8 15.axb4 Nxb3+
16.Nxb3 Qxa4 17.Kb2 d5 18.Bc5 Bxc5 19.Nxc5 Rxc5 20.bxc5 O-O 21.Ra1 Qc6 22.g5 hxg5
23.Qxg5 Rb8 24.Rhg1 Ne8 25.Qe5 Qc8 26.Kc1 f6 27.Qc3 Qc7 28.Rg3 dxe4 29.fxe4 Qf4+
30.Qd2 Qe5 31.Rb1 Qxc5 32.Bxa6 Nd6 33.Bxb7 Nxb7 34.Qd7  1-0

[Event "41st Rubinstein Mem Open A"]
[Site "Polanica Zdroj POL"]
[Date "2005.08.20"]
[Round "2"]
[White "Owczarzak,J"]
[Black "Gumula,D"]
[Result "1-0"]
[WhiteElo "2368"]
[BlackElo "2287"]

1.e4 c5 2.Nf3 d6 3.d4 cxd4 4.Nxd4 Nf6 5.Nc3 a6 6.Be3 Ng4 7.Bg5 h6 8.Bh4 g5
9.Be2 Bg7 10.Bg3 h5 11.Bxg4 hxg4 12.O-O Nc6 13.Nf5 Bxf5 14.exf5 Bxc3 15.bxc3 f6
16.Qxg4 Qa5 17.Rfe1 Ne5 18.Bxe5 dxe5 19.Qc4 Qd8 20.Rab1 Qd7 21.Red1 Qxf5
22.Rxb7 Qxc2 23.Rdb1 Rd8 24.h3 Kf8 25.Qxa6 Kf7 26.Qc4+ Kg6 27.Qb3 Rd2 28.Rxe7 Rxf2
29.Qf7+ Kf5 30.Qe6+ Kg6 31.Qf7+ Kf5 32.g4+ Kf4 33.Qxf6+ Kg3 34.Qxe5+ Rf4
35.Qe1+ Kxh3 36.Re3+ Kxg4 37.Rg3+ Kh5 38.Rh3+ Kg6 39.Rb6+  1-0

[Event "Rudenko mem"]
[Site "St Petersburg RUS"]
[Date "2005.08.20"]
[Round "1"]
[White "Yakovich,Yul"]
[Black "Komiagina,M"]
[Result "0-1"]
[WhiteElo "2083"]
[BlackElo "2324"]

1.e4 c5 2.Nf3 d6 3.d4 cxd4 4.Nxd4 Nf6 5.Nc3 a6 6.Be3 e6 7.g4 b5 8.g5 Nfd7
9.a3 Bb7 10.h4 Nc6 11.Rg1 Qc7 12.h5 Nde5 13.f4 Nxd4 14.Bxd4 Nc4 15.Bxc4 bxc4
16.h6 e5 17.fxe5 dxe5 18.Be3 g6 19.Qd2 Be7 20.O-O-O Rd8 21.Qf2 O-O 22.Nd5 Bxd5
23.Bb6 Qb7 24.Bxd8 c3 25.b3 Bxa3+ 26.Kb1 Bxb3 27.cxb3 Qxb3+ 28.Ka1 c2 29.Qxc2 Qxc2
30.Rb1 Rxd8  0-1

[Event "Ada Open"]
[Site "Belgrade SCG"]
[Date "2005.08.21"]
[Round "7"]
[White "Damjanovic,B"]
[Black "Vrbljanac,A"]
[Result "0-1"]
[WhiteElo "2097"]
[BlackElo "2259"]

1.e4 c5 2.Nf3 d6 3.d4 cxd4 4.Nxd4 Nf6 5.Nc3 a6 6.Be3 e5 7.Nb3 Be6 8.f3 Nbd7
9.g4 Be7 10.Qd2 b5 11.g5 b4 12.Na4 Nh5 13.h4 Ng3 14.Rg1 Nxf1 15.Rxf1 a5 16.a3 Qc7
17.Nc1 O-O 18.b3 Rfc8 19.Rf2 Nc5 20.Nxc5 dxc5 21.axb4 axb4 22.Rxa8 Rxa8 23.Kf1 Rd8
24.Qe1 f5 25.gxf6 Bxf6 26.Bg5 Qe7 27.Qe3 h6 28.Bxf6 Qxf6 29.Ke2 c4 30.Rh2 cxb3
31.cxb3 Bc8 32.Kf2 Ba6 33.Rh1 Qc6 34.Kg3 Rd6 35.Rg1 Qc2 36.h5 Rd2 37.Qb6 Qc8
38.Qxb4 Qd8 39.Kh3 Bc8+ 40.Rg4 Bxg4+ 41.fxg4 Qg5 42.Qc3 Kh7 43.Qf3 Qf4 44.Qxf4 exf4
45.b4  0-1

[Event "2nd Dato' Arthur Tan Malaysian Open"]
[Site "Kuala Lumpur MAS"]
[Date "2005.08.21"]
[Round "4"]
[White "Aplin,C"]
[Black "Rizal,A"]
[Result "1-0"]
[WhiteElo "1947"]
[BlackElo "2079"]

1.e4 c5 2.Nf3 d6 3.d4 cxd4 4.Nxd4 Nf6 5.Nc3 a6 6.Be3 e6 7.f3 b5 8.g4 h6 9.Qd2 Nbd7
10.O-O-O Bb7 11.h4 b4 12.Na4 Qa5 13.b3 Nc5 14.a3 Nxa4 15.axb4 Qc7 16.bxa4 d5
17.e5 Nd7 18.f4 Nb6 19.Rh3 Nxa4 20.Bf2 Nb6 21.f5 Nc4 22.Bxc4 Qxc4 23.fxe6 fxe6
24.Nxe6 Rc8 25.Bd4 Rc6 26.Nxf8 Rxf8 27.Bc5 Rf1 28.Kb2 Re6 29.Re3 Rf7 30.Qd4 Qxd4+
31.Rxd4 Rf1 32.Bd6 Kd7 33.Rc3 Bc6 34.Rc5 Re8 35.c4 Rf2+ 36.Kc3 Rf3+ 37.Kd2 dxc4
38.Rcxc4 Bb5 39.Rc7+ Ke6 40.Rxg7 Rc8 41.Re7+  1-0

[Event "41st Rubinstein Mem Open A"]
[Site "Polanica Zdroj POL"]
[Date "2005.08.21"]
[Round "3"]
[White "Kocwin,B"]
[Black "Czakon,J"]
[Result "0-1"]
[WhiteElo "2232"]
[BlackElo "2461"]

1.e4 c5 2.Nf3 d6 3.d4 cxd4 4.Nxd4 Nf6 5.Nc3 a6 6.Be3 e6 7.Qd2 Be7 8.f3 Nc6
9.g4 O-O 10.O-O-O Nxd4 11.Bxd4 b5 12.g5 Nd7 13.h4 Qc7 14.h5 b4 15.Nb1 e5
16.Be3 Nc5 17.b3 Be6 18.Kb2 a5 19.Bh3 a4 20.g6 axb3 21.gxf7+ Bxf7 22.axb3 Qa5
23.Bxc5 Qa1+ 24.Kc1 Ra2 25.Qd3 dxc5 26.Kd2 Rd8 27.Bd7 Ra7 28.Ke2 Raxd7 29.Qxd7 Rxd7
30.Rxd7 Bg5 31.Rc7 h6 32.Rd1 Qa6+ 33.Kf2 Bh4+ 34.Ke3 Be6  0-1

[Event "ch-SCG jr"]
[Site "Vrnjacka Banja SCG"]
[Date "2005.08.21"]
[Round "11"]
[White "Mijovic,S"]
[Black "Ravic,N"]
[Result "1/2-1/2"]
[WhiteElo "2135"]
[BlackElo "2101"]

1.e4 c5 2.Nf3 d6 3.d4 cxd4 4.Nxd4 Nf6 5.Nc3 a6 6.Be3 e6 7.f3 b5 8.a3 Nbd7
9.g4 h6 10.Qd2 Bb7 11.O-O-O Nb6 12.h4 Nfd7 13.Qf2 Rc8 14.Kb1 d5 15.exd5 Nxd5
16.Nxd5 Bxd5 17.Bg2 b4 18.axb4 Bxb4 19.f4 Nf6 20.Bxd5 Nxd5 21.Nb3 Qc7 22.Bd4 O-O
23.Be5 Bd6 24.Bxd6 Qxd6 25.Rd4 Qb6 26.Qd2 Rc7 27.f5 Rfc8 28.Rc1 Rc4 29.fxe6 fxe6
30.g5 Rxd4 31.Qxd4 Qxd4 32.Nxd4 hxg5 33.hxg5 e5 34.Nf5 Kh7 35.c4 Rf8 36.Rh1+ Kg8
37.Nd6 Nb4 38.c5  1/2-1/2

[Event "2nd Dato' Arthur Tan Malaysian Open"]
[Site "Kuala Lumpur MAS"]
[Date "2005.08.23"]
[Round "7"]
[White "Zhang Jilin"]
[Black "Anas,N"]
[Result "0-1"]
[WhiteElo "2356"]
[BlackElo "2150"]

1.e4 c5 2.Nf3 d6 3.d4 cxd4 4.Nxd4 Nf6 5.Nc3 a6 6.Be3 e5 7.Nb3 Be6 8.f3 Be7
9.Qd2 Nbd7 10.O-O-O b5 11.Nd5 Bxd5 12.exd5 Nb6 13.Bxb6 Qxb6 14.Na5 Nd7 15.Nc6 h6
16.Nxe7 Kxe7 17.g3 Rhe8 18.Bh3 Nf6 19.Rhe1 Kf8 20.Kb1 b4 21.Qe3 Qa5 22.g4 Kg8
23.Qd3 Reb8 24.Bf1 Rb5 25.Qb3 Rc5 26.Rd2 Rc7 27.h4 Nd7 28.Re4 Rb8 29.Rc4 Rxc4
30.Bxc4 Qc5 31.Rd1 a5 32.Qd3 Qf2 33.h5 Nc5 34.Qe2 Qg3 35.Bd3 a4 36.Rc1 Qh4
37.b3 Qd8 38.Bb5 a3 39.Bc6 Qf6 40.c3 bxc3 41.Qe3 Rb4 42.Rxc3 e4 43.f4 Rd4
44.g5 hxg5 45.fxg5 Rd1+ 46.Kc2 Qf1 47.Bb5 Qh1 48.Rxc5 dxc5 49.g6 fxg6 50.h6 Rb1  0-1

[Event "2nd Dato' Arthur Tan Malaysian Open"]
[Site "Kuala Lumpur MAS"]
[Date "2005.08.24"]
[Round "8"]
[White "Tirto"]
[Black "Nguyen Anh Dung"]
[Result "0-1"]
[WhiteElo "2370"]
[BlackElo "2555"]

1.e4 c5 2.Nf3 d6 3.d4 cxd4 4.Nxd4 Nf6 5.Nc3 a6 6.Be3 e5 7.Nb3 Be6 8.f3 Be7
9.Qd2 O-O 10.O-O-O b5 11.g4 b4 12.Na4 Nbd7 13.g5 Nh5 14.Kb1 Qb8 15.Na5 Rc8
16.b3 Qc7 17.Nc4 Rab8 18.Ncb2 Qc6 19.Rg1 Nf4 20.Bc4 g6 21.h4 Bf8 22.Rh1 Rb5
23.Bxf4 exf4 24.Bd5 Bxd5 25.exd5 Qc5 26.Nc4 Bg7 27.Qxf4 Ne5 28.Nab2 a5 29.Rh2 a4
30.Nxa4 Ra5 31.Nab6 Nxc4 32.Qe4 Bd4 33.c3 Bxc3 34.Qe2 Nb2 35.Kc2 Rc7 36.Re1 Kg7
37.Nc4 Rxa2  0-1

[Event "2nd Dato' Arthur Tan Malaysian Open"]
[Site "Kuala Lumpur MAS"]
[Date "2005.08.24"]
[Round "8"]
[White "Aplin,C"]
[Black "Lim Chuing Hoong"]
[Result "0-1"]
[WhiteElo "1947"]
[BlackElo "2239"]

1.e4 c5 2.Nf3 d6 3.d4 cxd4 4.Nxd4 Nf6 5.Nc3 a6 6.Be3 e5 7.Nb3 Be6 8.Qd2 Nbd7
9.f3 b5 10.O-O-O Be7 11.g4 b4 12.Ne2 d5 13.g5 d4 14.Bxd4 Nxe4 15.fxe4 exd4
16.h4 Nc5 17.Nexd4 Bxb3 18.Nxb3 Nxb3+ 19.axb3 Qxd2+ 20.Rxd2 h6 21.g6 fxg6
22.Rg2 O-O 23.Rxg6 Bxh4 24.Bc4+ Kh7 25.Rxa6 Rxa6 26.Bxa6 Bf6 27.Bd3 Be5 28.Rh5 g5
29.c3 Kg6 30.Rh1 g4 31.Kd2 Kg5 32.Bc4 Rf2+ 33.Ke3 g3 34.Bf1 Bf4+ 35.Kd3 g2
36.Bxg2 Rxg2 37.Kc4 h5 38.Kxb4 h4 39.c4 Kg4 40.c5 h3 41.c6 h2 42.Kc5 Rg1
43.Rxh2 Bxh2 44.b4 Rb1 45.b5 Rxb2 46.Kb6 Bg1+ 47.Ka6 Ra2+ 48.Kb7 Ra7+  0-1

[Event "13th Open"]
[Site "Nikaia GRE"]
[Date "2005.08.24"]
[Round "2"]
[White "Dochev,D"]
[Black "Giannoutsos,P"]
[Result "1-0"]
[WhiteElo "2370"]
[BlackElo "1962"]

1.e4 c5 2.Nf3 d6 3.d4 cxd4 4.Nxd4 Nf6 5.Nc3 a6 6.Be3 e5 7.Nf3 Qc7 8.a4 Be7
9.a5 O-O 10.Be2 Nbd7 11.Nd2 b5 12.axb6 Nxb6 13.Bd3 Bb7 14.Bxb6 Qxb6 15.Nc4 Qd4
16.Ne3 g6 17.Qf3 Rfc8 18.O-O Rxc3 19.bxc3 Qxc3 20.Ng4 Nxg4 21.Qxg4 Qc7 22.Qe2 Qc6
23.f3 Bd8 24.Kh1 Bb6 25.Bc4 Bd4 26.Rab1 Bc8 27.Bd5  1-0

[Event "13th Open"]
[Site "Nikaia GRE"]
[Date "2005.08.25"]
[Round "4"]
[White "Palekha,A"]
[Black "Himaras,S"]
[Result "1-0"]
[WhiteElo "2345"]
[BlackElo "2155"]

1.e4 c5 2.Nf3 d6 3.d4 cxd4 4.Nxd4 Nf6 5.Nc3 a6 6.Be3 e6 7.f3 Nc6 8.Qd2 Rb8
9.g4 Be7 10.O-O-O O-O 11.g5 Nd7 12.h4 Re8 13.Kb1 Qc7 14.h5 b5 15.g6 Bf8 16.gxf7+ Kxf7
17.Nxc6 Qxc6 18.Ne2 b4 19.Nd4 Qc7 20.Bd3 Kg8 21.f4 e5 22.Nf5 Nf6 23.fxe5 dxe5
24.Rdf1 Bb7 25.Qg2 Re6 26.Bg5 Kh8 27.h6 g6 28.Ng7 Bxg7 29.hxg7+ Qxg7 30.Qh3 Bc8
31.Rxf6 Rxf6 32.Qxh7+  1-0